<?xml version="1.0" encoding="UTF-8"?>
<collection xmlns="http://www.loc.gov/MARC21/slim">
 <record>
  <leader>01552nam a2200205Ia 4500</leader>
  <controlfield tag="001">CTU_148356</controlfield>
  <controlfield tag="008">210402s9999    xx            000 0 und d</controlfield>
  <datafield tag="020" ind1=" " ind2=" ">
   <subfield code="c">54000</subfield>
  </datafield>
  <datafield tag="082" ind1=" " ind2=" ">
   <subfield code="a">346.597045</subfield>
  </datafield>
  <datafield tag="082" ind1=" " ind2=" ">
   <subfield code="b">V115</subfield>
  </datafield>
  <datafield tag="245" ind1=" " ind2="0">
   <subfield code="a">Văn bản mới về hồ sơ địa chính, bản đồ địa chính, thống kê, kiểm kê đất đai</subfield>
  </datafield>
  <datafield tag="260" ind1=" " ind2=" ">
   <subfield code="a">Hà Nội</subfield>
  </datafield>
  <datafield tag="260" ind1=" " ind2=" ">
   <subfield code="b">Chính trị Quốc gia</subfield>
  </datafield>
  <datafield tag="260" ind1=" " ind2=" ">
   <subfield code="c">2008</subfield>
  </datafield>
  <datafield tag="520" ind1=" " ind2=" ">
   <subfield code="a">Các thông tư, quyết định mới banhành của Bộ, ngành cóliên quan  hướng dẫn thi hành Luật đất đai; các nghị định, quyết định của Chính Phủ về công tác thống kê, lập bản đồ hiện trạng sử dụng đất; Hướng dẫn  việc lập, chỉnh lý, quản lý hồ sơ địa chính; định mức kinh tế - kỹ thuật trong việc đăng ký quyền sử dụng đất, lập hồ sơ địa chính, cấp giấy chứng nhận quyền sử dụng đất thực hiện đồng thời  cho nhiều người sử dụng đất; định mức kinh tế - kỹ thuật  trong việc thành lập bản đồ địa chính bằng phương pháp đo vẽ trực tiếp.</subfield>
  </datafield>
  <datafield tag="650" ind1=" " ind2=" ">
   <subfield code="a">Land use,Sử dụng đất</subfield>
  </datafield>
  <datafield tag="650" ind1=" " ind2=" ">
   <subfield code="x">Law and legislation,Luật và pháp chế</subfield>
  </datafield>
  <datafield tag="650" ind1=" " ind2=" ">
   <subfield code="z">Vietnam,Việt Nam</subfield>
  </datafield>
  <datafield tag="904" ind1=" " ind2=" ">
   <subfield code="i">Hạ Nguyên</subfield>
  </datafield>
  <datafield tag="980" ind1=" " ind2=" ">
   <subfield code="a">Trung tâm Học liệu Trường Đại học Cần Thơ</subfield>
  </datafield>
 </record>
</collection>
